00614nam a2200193Ia 4500008004100000020001400041082001200055100002400067245004200091250000700133260003400140300003000174500000700204600003300211650002800244942000700272952012600279999001500405240925s9999 xx 000 0 und d a713513950 a428 WAR aWard ,J. Millington 0aO Level English Practice: answer book aNA aLondon:bBell & Hymanc,1984. axx,1237p.bN.AfPhotocopy aNA aHumanities & Natural Science aEnglish and Old English cBK 001040708HUMaUITUbUITUd1999-03-25eFair Book Centerg895.00l0o428 WARpQ2027r2024-09-25 07:12:38w2024-09-25yBK c4526d4526